000 00638cam a2200217 4500500
005 20260329004420.0
041 _afre
042 _adc
100 1 0 _aPortevin, Catherine
_eauthor
245 0 0 _aReprendre place. Contre l’architecture du mépris
260 _c2019.
500 _a98
690 _aArchitecture
690 _aBâtir
690 _aCité
690 _aHabitat
690 _aMickaël Labbé
690 _aVille
786 0 _nPhilosophie magazine | 134 | 11 | 2019-11-01 | p. 49-52 | 1951-1787
856 4 1 _uhttps://shs.cairn.info/magazine-philosophie-magazine-2019-11-page-49?lang=fr&redirect-ssocas=7080
999 _c1833636
_d1833636